00485nam a2200157Ia 450000500170000000800410001708200200005824500130007826000500009130000130014150000330015470000210018794200060020895200980021499900150031220250411041911.0240331s9999 xx 000 0 und d bPORa9558123005 0aPoronawa aRajagiriyabDamika De silva Publicationc1998 a121 p ., a New Writing by Indian Women aJahan,R. edeedt cL 001040708LaWERCLbWERCLcSSCd2024-03-31l0o 891.48 PORp2651r2024-03-31w2024-03-31yL c5373d5373